Thoughts on the Constitution / (Record no. 7947)
[ view plain ]
| 000 -LEADER | |
|---|---|
| fixed length control field | 00835cam a22002651 4500 |
| 001 - CONTROL NUMBER | |
| JCCL Control Number | 7947 |
| 003 - CONTROL NUMBER IDENTIFIER | |
| JCCL marc code | BD-JhCC |
| 005 - DATE AND TIME OF LATEST TRANSACTION | |
| control field | 20180417123440.0 |
| 008 - FIXED-LENGTH DATA ELEMENTS--GENERAL INFORMATION | |
| fixed length control field | 740806s1956 xx 000 0 eng |
| 035 ## - SYSTEM CONTROL NUMBER | |
| system control number | (BD-JhCC) 7947 |
| 035 ## - SYSTEM CONTROL NUMBER | |
| system control number | (OCoLC)972929 |
| 040 ## - CATALOGING SOURCE | |
| Original cataloging agency | DLC |
| Transcribing agency | MeB |
| Modifying agency | DLC |
| 041 ## - LANGUAGE CODE | |
| Language code of Book | eng |
| 050 00 - LIBRARY OF CONGRESS CALL NUMBER | |
| Classification number | JN322 |
| Item number | .A65 1947 |
| 082 ## - DEWEY DECIMAL CLASSIFICATION NUMBER | |
| Classification number | 342.82 |
| Author mark and Year | AME 1956 |
| 100 1# - MAIN ENTRY--PERSONAL NAME | |
| Personal name | Amery, L. S. |
| Fuller form of name | (Leopold Stennett), |
| Dates associated with a name | 1873-1955. |
| 245 10 - TITLE STATEMENT | |
| Title | Thoughts on the Constitution / |
| Statement of responsibility, etc | L. S. Amery, |
| 260 ## - PUBLICATION, DISTRIBUTION, ETC. (IMPRINT) | |
| Place of publication, distribution, etc | London, New York, |
| Name of publisher, distributor, etc | Oxford University Press, |
| Date of publication, distribution, etc | 1947. |
| 300 ## - PHYSICAL DESCRIPTION | |
| Pagination | xi, 195 p. |
| Dimensions | 19 cm. |
| 500 ## - GENERAL NOTE | |
| General note | "Four Chichele lectures ... reprinted substantially as they were delivered [at All Souls College, Oxford]" |
| 504 ## - BIBLIOGRAPHY, ETC. NOTE | |
| Bibliography, etc | Bibliography: p. [159] |
| 650 #0 - SUBJECT ADDED ENTRY--TOPICAL TERM | |
| Topical term or geographic name as entry element | Constitutional law |
| Geographic subdivision | Great Britain. |
| 942 ## - ADDED ENTRY ELEMENTS (KOHA) | |
| Source of classification or shelving scheme | Dewey Decimal Classification |
| Koha item type | Books |
| Source of classification or shelving scheme | Damaged status | Not for loan | Home library | Current library | Shelving location | Total Checkouts | Full call number | Barcode | Date last seen | Copy number | Koha item type |
|---|---|---|---|---|---|---|---|---|---|---|---|
| Dewey Decimal Classification | JCC Rouf Library | JCC Rouf Library | General Stacks | 342.82 AME 1956 | 10480 | 02/15/2018 | C - 1 | Books |